LEADER 04002nam 2200673 450 001 9910466133303321 005 20200520144314.0 010 $a0-231-54281-X 024 7 $a10.7312/carl17304 035 $a(CKB)3710000000875353 035 $a(MiAaPQ)EBC4692786 035 $a(StDuBDS)EDZ0001724076 035 $a(DE-B1597)478138 035 $a(OCoLC)1002252265 035 $a(OCoLC)1004883930 035 $a(OCoLC)1011446151 035 $a(OCoLC)959874917 035 $a(OCoLC)979904362 035 $a(OCoLC)999371255 035 $a(DE-B1597)9780231542814 035 $a(PPN)233899987$9sudoc 035 $a(PPN)201890062 035 $a(Au-PeEL)EBL4692786 035 $a(CaPaEBR)ebr11270755 035 $a(CaONFJC)MIL962614 035 $a(EXLCZ)993710000000875353 100 $a20161010h20162016 uy 0 101 0 $aeng 135 $aurcnu|||||||| 181 $2rdacontent 182 $2rdamedia 183 $2rdacarrier 200 12$aA brief history of entrepreneurship $ethe pioneers, profiteers, and racketeers who shaped our world /$fJoe Carlen 210 1$aNew York :$cColumbia University Press,$d2016. 210 4$dİ2016 215 $a1 online resource (252 pages) 225 1 $aColumbia Business School Publishing 300 $aIncludes index. 311 $a0-231-17304-0 320 $aIncludes bibliographical references and index. 327 $tFrontmatter -- $tContents -- $tIntroduction -- $t1. "One Shekel of Your Private Silver" -- $t2. The Pirates of Phoenicia -- $t3. The Reluctant Romans -- $t4. An Enterprising Faith -- $t5. Flying Money and Capitalist Monks -- $t6. Western Europe and a "New World" of Profit -- $t7. Captains of the Revolution -- $t8. The Land of (Entrepreneurial) Opportunity -- $t9. Flattening the World and Colonizing Space -- $tConclusion -- $tNotes -- $tAcknowledgments -- $tIndex 330 $aA Brief History of Entrepreneurship charts how the pursuit of profit by private individuals has been a prime mover in revolutionizing civilization. Entrepreneurs often butt up against processes, technologies, social conventions, and even laws. So they circumvent, innovate, and violate to obtain what they want. This creative destruction has brought about overland and overseas trade, colonization, and a host of revolutionary technologies-from caffeinated beverages to the personal computer-that have transformed society.Consulting rich archival sources, including some that have never before been translated, Carlen maps the course of human history through nine episodes when entrepreneurship reshaped our world. Highlighting the most colorful characters of each era, he discusses Mesopotamian merchants' creation of the urban market economy; Phoenician merchant-sailors intercontinental trade, which came to connect Africa, Asia, and Europe; Chinese tea traders' invention of paper money; the colonization of the Americas; and the current "flattening" of the world's economic playing field. Yet the pursuit of profit hasn't always moved us forward. From slavery to organized crime, Carlen explores how entrepreneurship can sometimes work at the expense of others. He also discusses the new entrepreneurs who, through the nascent space tourism industry, are leading humanity to a multiplanetary future. By exploring all sides of this legacy, Carlen brings much-needed detail to the role of entrepreneurship in revolutionizing civilization. 410 0$aColumbia Business School series. 606 $aCommerce$xHistory 606 $aEntrepreneurship$xHistory 606 $aBusinesspeople$xHistory 608 $aElectronic books. 615 0$aCommerce$xHistory. 615 0$aEntrepreneurship$xHistory. 615 0$aBusinesspeople$xHistory. 676 $a338/.0409 700 $aCarlen$b Joe$01038657 801 0$bMiAaPQ 801 1$bMiAaPQ 801 2$bMiAaPQ 906 $aBOOK 912 $a9910466133303321 996 $aA brief history of entrepreneurship$92460384 997 $aUNINA LEADER 02424nam 2200577Ia 450 001 996217320603316 005 20170815162209.0 010 $a1-280-06832-9 010 $a1-134-52679-2 010 $a0-203-16493-8 035 $a(CKB)1000000000001746 035 $a(EBL)180579 035 $a(OCoLC)817916236 035 $a(SSID)ssj0000083507 035 $a(PQKBManifestationID)11120579 035 $a(PQKBTitleCode)TC0000083507 035 $a(PQKBWorkID)10148090 035 $a(PQKB)11748703 035 $a(MiAaPQ)EBC180579 035 $a(PPN)198459866 035 $a(EXLCZ)991000000000001746 100 $a20010305d2001 uy 0 101 0 $aeng 135 $aur|n|---||||| 181 $ctxt 182 $cc 183 $acr 200 00$aControlling a new migration world$b[electronic resource] /$fedited by Virginie Guiraudon and Christian Joppke 210 $aLondon ;$aNew York $cRoutledge$d2001 215 $a1 online resource (269 p.) 225 1 $aRoutledge/EUI studies in the political economy of welfare ;$v4 300 $aDescription based upon print version of record. 311 $a0-203-27925-5 311 $a0-415-25296-2 320 $aIncludes bibliographical references and index. 327 $aBook Cover; Title; Copyright; Contents 330 $aControlling a New Migration World explores the factors that drive recent migration control policies and, in turn, sheds light on the unintended consequences of policies for the new character of migration. This book asks how we can account for the immigration policies of liberal states. Is the recent linkage between migration and security a rhetorical invention of elites or a reflection of changing migrant profiles? Are states' control policies effectively containing or only redirecting unwanted migration flows? This increasingly relevant issue will be of great use to anyone working 410 0$aRoutledge/EUI studies in the political economy of welfare ;$v4. 606 $aEmigration and immigration$xGovernment policy 615 0$aEmigration and immigration$xGovernment policy. 676 $a325 676 $a325/.1 701 $aGuiraudon$b Virginie$0952733 701 $aJoppke$b Christian$0691976 801 0$bMiAaPQ 801 1$bMiAaPQ 801 2$bMiAaPQ 906 $aBOOK 912 $a996217320603316 996 $aControlling a new migration world$92153991 997 $aUNISA LEADER 01497nam a2200385 i 4500 001 991000703159707536 005 20020507172501.0 008 980204s1997 us ||| | eng 020 $a0821845772 035 $ab10745439-39ule_inst 035 $aLE01300965$9ExL 040 $aDip.to Matematica$beng 082 0 $a515.7242 084 $aAMS 35J55 084 $aAMS 35P20 084 $aAMS 58G25 084 $aQA329.42.S24 100 1 $aSafarov, Yu.$067077 245 14$aThe asymptotic distribution of eigenvalues of partial differential operators /$cYu. Safarov, D. Vassiliev 260 $aProvidence, R.I. :$bAmerican Mathematical Society,$cc1997 300 $axiii, 354 p. :$bill. ;$c26 cm. 490 0 $aTranslations of mathematical monographs,$x0065-9282 ;$v155 500 $aTranslated by the authors from an unpublished Russian manuscript. 500 $aIncludes bibliographical references (p. 343-347) and indexes 650 4$aAsymptotic distribution theory 650 4$aEigenvalues 650 4$aPartial differential operators 650 4$aTheory of distributions 700 1 $aVassilev, D. 907 $a.b10745439$b23-02-17$c28-06-02 912 $a991000703159707536 945 $aLE013 35P SAF11 (1997)$g1$i2013000095158$lle013$o-$pE0.00$q-$rl$s- $t0$u1$v0$w1$x0$y.i10837504$z28-06-02 996 $aAsymptotic distribution of eigenvalues of partial differential operators$9910643 997 $aUNISALENTO 998 $ale013$b01-01-98$cm$da $e-$feng$gus $h4$i1